[Event "Nizami Ganjavi 880 years U17"]
[Site "Tornelo INT"]
[Date "2021.04.03"]
[Round "4.9"]
[White "Cabrera Gonzalez, Maximo Ariel"]
[Black "McKennis, Darren"]
[Result "1-0"]
[WhiteElo "2209"]
[BlackElo "1735"]
[PlyCount "93"]
[EventDate "2021.04.02"]
[EventType "team-swiss (blitz)"]
[EventRounds "9"]
[EventCountry "AZE"]
[SourceTitle "EXT 2023"]
[Source "ChessBase"]
[SourceDate "2022.10.05"]
[SourceVersion "1"]
[SourceVersionDate "2022.10.05"]
[SourceQuality "1"]
[WhiteTeam "Cuba Masters"]
[BlackTeam "Jamaica"]
[WhiteTeamCountry "CUB"]
[BlackTeamCountry "JAM"]

1. Nf3 d5 2. d4 c6 3. g3 Nf6 4. Bg2 Bf5 5. 0-0 e6 6. c4 Nbd7 7. Nbd2 h6 8. Qb3 Qb6 9. c5 Qc7 10. Re1 Be7 11. Nb1 g5 12. Nc3 Ne4 13. a4 Nxc3 14. Qxc3 Nf6 15. Ne5 Ne4 16. Qf3 Bf6 17. b4 Bxe5 18. dxe5 Qxe5 19. Qa3 Qc3 20. Qxc3 Nxc3 21. Bb2 d4 22. e3 0-0-0 23. exd4 Nd5 24. b5 Kc7 25. Re5 Nb4 26. d5 cxd5 27. Bc3 Nd3 28. Re2 d4 29. Ba5+ b6 30. cxb6+ axb6 31. Rc2+ Kb8 32. Bxb6 Rd7 33. a5 Nb4 34. Rc4 Nc2 35. Rc1 d3 36. a6 d2 37. Rd1 h5 38. Rxd2 Re7 39. Rdxc2 Bxc2 40. Rxc2 h4 41. a7+ Rxa7 42. Bxa7+ Kxa7 43. Rc6 hxg3 44. hxg3 Rd8 45. Ra6+ Kb8 46. Ra8+ Kc7 47. b6+ 1-0

[Event "Adelquis Remon Memorial-C"]
[Site "Holguin"]
[Date "2018.12.03"]
[Round "7.1"]
[White "Bonet Molina, Ariel"]
[Black "Cabrera Gonzalez, Maximo Ariel"]
[Result "1-0"]
[WhiteElo "2133"]
[BlackElo "2194"]
[PlyCount "37"]
[EventDate "2018.11.30"]
[EventType "tourn"]
[EventRounds "10"]
[EventCountry "CUB"]
[SourceTitle "EXT 2023"]
[Source "ChessBase"]
[SourceDate "2022.10.05"]
[SourceVersion "1"]
[SourceVersionDate "2022.10.05"]
[SourceQuality "1"]

1. d4 Nf6 2. c4 e6 3. Nf3 d5 4. g3 Be7 5. Bg2 0-0 6. 0-0 dxc4 7. Ne5 Nc6 8. Nxc6 bxc6 9. Na3 Bxa3 10. bxa3 Ba6 11. Qd2 Qc8 12. Qa5 Rb8 13. a4 Rd8 14. Bg5 Rxd4 15. Rab1 Rxb1 16. Rxb1 Rd5 17. Qxa6 Rd8 18. Qxc8 Rxc8 19. Bxf6 1-0

[Event "Francisco Martinez 8th tt"]
[Site "Santa Clara"]
[Date "2018.08.17"]
[Round "3.3"]
[White "Cabrera Gonzalez, Maximo Ariel"]
[Black "Gonzalez Arredondo, Lazaro A"]
[Result "1-0"]
[WhiteElo "2009"]
[BlackElo "2062"]
[PlyCount "55"]
[EventDate "2018.08.16"]
[EventType "team-tourn"]
[EventRounds "10"]
[EventCountry "CUB"]
[EventCategory "8"]
[SourceTitle "EXT 2021"]
[Source "ChessBase"]
[SourceDate "2020.10.23"]
[SourceVersion "1"]
[SourceVersionDate "2020.10.23"]
[SourceQuality "1"]

1. e4 e6 2. d4 d5 3. Nd2 Nf6 4. e5 Nfd7 5. Bd3 c5 6. c3 Nc6 7. Ne2 cxd4 8. cxd4 f6 9. Nf4 Nxd4 10. Qh5+ Ke7 11. Ng6+ hxg6 12. exf6+ Kxf6 13. Qxh8 Kf7 14. 0-0 Nc5 15. Bb1 Qf6 16. h4 Bd6 17. Re1 e5 18. h5 e4 19. b4 Bf5 20. Qxa8 Qh4 21. Nf1 Nce6 22. Qxb7+ Nc7 23. Be3 Nf3+ 24. gxf3 exf3 25. hxg6+ Bxg6 26. Bxg6+ Kxg6 27. Qc8 d4 28. Bd2 1-0

[Event "CUB Province-chT Schools 54th"]
[Site "Santa Clara"]
[Date "2018.07.15"]
[Round "6.1"]
[White "Borroto Fajardo, Alian Alberto"]
[Black "Cabrera Gonzalez, Maximo Ariel"]
[Result "1/2-1/2"]
[WhiteElo "1918"]
[BlackElo "2093"]
[PlyCount "80"]
[EventDate "2018.07.13"]
[EventType "team-swiss"]
[EventRounds "9"]
[EventCountry "CUB"]
[SourceTitle "CBM 195 Extra"]
[Source "ChessBase"]
[SourceDate "2020.05.31"]
[SourceVersion "1"]
[SourceVersionDate "2020.05.31"]
[SourceQuality "1"]
[WhiteTeam "Ciego de Avila"]
[BlackTeam "Villa Clara"]
[WhiteTeamCountry "CUB"]
[BlackTeamCountry "CUB"]

1. Nf3 d5 2. g3 Nf6 3. Bg2 e6 4. b3 Bd6 5. Bb2 Nbd7 6. d3 0-0 7. 0-0 e5 8. Nbd2 c5 9. e4 d4 10. h3 Re8 11. Nh4 Nf8 12. Nc4 Bc7 13. a4 Ng6 14. Nxg6 hxg6 15. Bc1 Be6 16. Bg5 Qd7 17. Kh2 a6 18. Bd2 b5 19. Nb2 c4 20. bxc4 bxc4 21. Nxc4 Bxc4 22. dxc4 Rab8 23. Qe2 Rb2 24. Qd3 Qc6 25. f4 Nd7 26. fxe5 Nxe5 27. Qxd4 Rxc2 28. Rac1 Qxa4 29. Rxc2 Qxc2 30. Bf4 Qb3 31. Kh1 Bb8 32. c5 g5 33. Bxe5 Bxe5 34. Qd5 Qxd5 35. exd5 Rc8 36. Rf5 Bd4 37. c6 Bc5 38. Rxg5 a5 39. Rg4 Rb8 40. h4 Bd6 1/2-1/2